<?xml version="1.0" encoding="UTF-8"?>
<record
    xmlns:xsi="http://www.w3.org/2001/XMLSchema-instance"
    xsi:schemaLocation="http://www.loc.gov/MARC21/slim http://www.loc.gov/standards/marcxml/schema/MARC21slim.xsd"
    xmlns="http://www.loc.gov/MARC21/slim">

  <leader>00597nam a22002177a 4500</leader>
  <controlfield tag="003">DO-SdBNP</controlfield>
  <controlfield tag="005">20220531084008.0</controlfield>
  <controlfield tag="007">ta</controlfield>
  <controlfield tag="008">210215n        dr ||||er|||| 001 0dspa d</controlfield>
  <datafield tag="040" ind1=" " ind2=" ">
    <subfield code="a">DO-SdBNP</subfield>
    <subfield code="b">spa</subfield>
    <subfield code="c">BNPHU</subfield>
  </datafield>
  <datafield tag="041" ind1=" " ind2=" ">
    <subfield code="h">spa</subfield>
  </datafield>
  <datafield tag="082" ind1=" " ind2="4">
    <subfield code="a">BNPHU</subfield>
    <subfield code="b">M516d</subfield>
  </datafield>
  <datafield tag="100" ind1="1" ind2=" ">
    <subfield code="a">Mej&#xED;a Sarmiento, Federico,</subfield>
    <subfield code="d">1961-</subfield>
    <subfield code="9">77767</subfield>
  </datafield>
  <datafield tag="245" ind1="1" ind2=" ">
    <subfield code="a">Destello de luces :</subfield>
    <subfield code="b">de la vida al aprendiz /</subfield>
    <subfield code="c">Federico Mej&#xED;a Sarmiento</subfield>
  </datafield>
  <datafield tag="260" ind1=" " ind2=" ">
    <subfield code="a">[El Seibo] :</subfield>
    <subfield code="b">[s.n] ,</subfield>
    <subfield code="c">[s.f.]</subfield>
  </datafield>
  <datafield tag="300" ind1=" " ind2=" ">
    <subfield code="a">73 p. ;</subfield>
    <subfield code="c">25 cm</subfield>
  </datafield>
  <datafield tag="505" ind1="0" ind2=" ">
    <subfield code="a">Mi patria.</subfield>
  </datafield>
  <datafield tag="590" ind1=" " ind2=" ">
    <subfield code="a">Inventariado, 2021/MF</subfield>
  </datafield>
  <datafield tag="910" ind1=" " ind2=" ">
    <subfield code="a">Mfeliz</subfield>
  </datafield>
  <datafield tag="942" ind1=" " ind2=" ">
    <subfield code="2">ddc</subfield>
    <subfield code="c">LBS1</subfield>
  </datafield>
  <datafield tag="952" ind1=" " ind2=" ">
    <subfield code="0">0</subfield>
    <subfield code="1">0</subfield>
    <subfield code="2">ddc</subfield>
    <subfield code="7">1</subfield>
    <subfield code="8">PD</subfield>
    <subfield code="a">BNPHU</subfield>
    <subfield code="b">PD</subfield>
    <subfield code="c">HD</subfield>
    <subfield code="d">2020-02-21</subfield>
    <subfield code="e">Donado  / Federico Mej&#xED;a</subfield>
    <subfield code="l">0</subfield>
    <subfield code="o">BNPHU PD  M516d</subfield>
    <subfield code="p">2021-0169</subfield>
    <subfield code="r">2021-02-15</subfield>
    <subfield code="w">2021-02-15</subfield>
    <subfield code="y">LFPD</subfield>
  </datafield>
  <datafield tag="952" ind1=" " ind2=" ">
    <subfield code="0">0</subfield>
    <subfield code="1">0</subfield>
    <subfield code="2">ddc</subfield>
    <subfield code="7">1</subfield>
    <subfield code="8">PD</subfield>
    <subfield code="a">BNPHU</subfield>
    <subfield code="b">PD</subfield>
    <subfield code="c">HD</subfield>
    <subfield code="d">2020-02-21</subfield>
    <subfield code="e">Donado /  Federico Mej&#xED;a</subfield>
    <subfield code="l">0</subfield>
    <subfield code="o">BNPHU PD  M516d</subfield>
    <subfield code="p">2021-0170</subfield>
    <subfield code="r">2021-02-15</subfield>
    <subfield code="t">e.2</subfield>
    <subfield code="w">2021-02-15</subfield>
    <subfield code="y">LFPD</subfield>
  </datafield>
  <datafield tag="952" ind1=" " ind2=" ">
    <subfield code="0">0</subfield>
    <subfield code="1">0</subfield>
    <subfield code="2">ddc</subfield>
    <subfield code="7">5</subfield>
    <subfield code="8">DS</subfield>
    <subfield code="a">BNPHU</subfield>
    <subfield code="b">DO</subfield>
    <subfield code="c">HD</subfield>
    <subfield code="d">2020-02-21</subfield>
    <subfield code="e">Donado por Federico Mej&#xED;a</subfield>
    <subfield code="l">0</subfield>
    <subfield code="o">BNPHU DS M516d</subfield>
    <subfield code="p">2021-0171</subfield>
    <subfield code="r">2021-02-15</subfield>
    <subfield code="t">e.3</subfield>
    <subfield code="w">2021-02-15</subfield>
    <subfield code="y">LFDS</subfield>
  </datafield>
  <datafield tag="999" ind1=" " ind2=" ">
    <subfield code="c">49367</subfield>
    <subfield code="d">49367</subfield>
  </datafield>
</record>
